ENCYCLOPAEDIA OF MINING LAWS (Record no. 32384)

MARC details
000 -LEADER
fixed length control field 00310nam a22001457a 4500
003 - CONTROL NUMBER IDENTIFIER
control field SGT
020 ## - INTERNATIONAL STANDARD BOOK NUMBER
International Standard Book Number 8186976523
082 ## - DEWEY DECIMAL CLASSIFICATION NUMBER
Classification number 030.343 077
Item number SET
100 ## - MAIN ENTRY--PERSONAL NAME
Personal name SETH D D
245 ## - TITLE STATEMENT
Title ENCYCLOPAEDIA OF MINING LAWS
250 ## - EDITION STATEMENT
Edition statement 4
260 ## - PUBLICATION, DISTRIBUTION, ETC. (IMPRINT)
Place of publication, distribution, etc DELHI
Name of publisher, distributor, etc DELHI LAW HOUSE
Year of Publication 2007
300 ## - PAGE DESCRIPTION
No. of Pages 1491
942 ## - ADDED ENTRY ELEMENTS (KOHA)
Source of classification or shelving scheme Dewey Decimal Classification
Koha item type Books
Holdings
Withdrawn status Lost status Source of classification or shelving scheme Damaged status Not for loan Collection code Home library Current library Shelving location Date acquired Cost, normal purchase price SGTU Total Checkouts Full call number Accession No. (Barcode) Date last seen Bill Date Koha item type
    Dewey Decimal Classification   Not For Loan LAW SGT Science & Social Sciences Library SGT Science & Social Sciences Library Reference Book 25/08/2025 1595.00 SGTU   030.343 077 SET FL3858 25/08/2025 25/08/2025 Books